000 00356nam a2200157Ia 4500
003 0STCL
008 150530s9999 xx 000 0 und d
040 _aSTCL
_cSTCL
100 _aWalter Scott
245 _aAnne of Geierstein
260 _bOxford university
_c1920
546 _aEnglish
942 _2ddc
_cBK
999 _c57446
_d57446
005 20220125171029.0